000 00326nam a2200145 i 4500
001 bg
100 1 _aKUSL, F.
245 0 _aWarsztat w domu /
_cF. Kuls, F. Kramerius.
260 _aWarszawa,
_c1986.
700 1 _aKRAMERIUS, F.
040 _cBPK
041 _apol
942 _cKS
008 s pl f |000 0 pol
999 _c2989
_d2989
856 _uhttp://koha.tu.koszalin.pl/cgi-bin/koha/opac-detail.pl?biblionumber=2989
_yKatalog online BPK